| 000 | 01091cam a22003257a 4500 | ||
|---|---|---|---|
| 003 | CHAP | ||
| 005 | 20220329142314.0 | ||
| 008 | 000605d us r 00110 eng d | ||
| 010 | _a81362 | ||
| 011 | _a82334 | ||
| 035 | _a92825 | ||
| 040 | _cCHAP | ||
| 082 | 0 | 4 |
_a633.6063 _bI5 |
| 110 | 2 |
_aInternational Sweetener & Alcohol Conference _959856 |
|
| 245 | 1 | 4 |
_aThe future of sugar _c/by International Sweetener & Alcohol Conference |
| 260 |
_aLondon : _bInternational Sweetener & Alcohol Conference, _c1980. |
||
| 300 |
_a207 p. : _bgráfs. ; tablas ; mapas |
||
| 590 |
_aBATCH-UPD _b10 _c20130110 _lUCH01 _h1223 |
||
| 590 |
_aBATCH-UPD _b10 _c20130410 _lUCH01 _h0757 |
||
| 590 |
_aBATCH-UPD _b10 _c20130913 _lUCH01 _h2358 |
||
| 590 |
_aCONVERSION _b10 _c20130109 _lUCH01 _h1345 |
||
| 650 | 1 | 4 |
_aAlcohol. _93655 |
| 650 | 1 | 4 |
_aAzúcar _xCongresos. _99146 |
| 650 | 1 | 4 |
_aAzúcar _xMercadeo. _99164 |
| 650 | 1 | 4 |
_aCaña de azúcar _xIndustria. _918616 |
| 901 | _aBK | ||
| 905 | _aAlejandra Carrasco M. | ||
| 942 | _cLIBRO | ||
| 949 |
_a633.6063 I5 _bBC _cLIBRO _d33724000783197 _eLIBRO _h94890 _i92825 _si |
||
| 999 |
_c81362 _d81362 |
||